Early Travels in India 1583-1619 (Record no. 1845784)

MARC details
000 -LEADER
fixed length control field 00675nam a2200301Ia 4500
005 - DATE AND TIME OF LATEST TRANSACTION
control field 20260401122227.0
008 - FIXED-LENGTH DATA ELEMENTS--GENERAL INFORMATION
fixed length control field 008 250103s9999 xx 000 0 eng d
020 ## - INTERNATIONAL STANDARD BOOK NUMBER
International Standard Book Number 8175361735
037 ## - SOURCE OF ACQUISITION
Stock number TB
040 ## - CATALOGING SOURCE
Original cataloging agency EDL
040 ## - CATALOGING SOURCE
Language of cataloging eng
040 ## - CATALOGING SOURCE
Transcribing agency EDL
041 ## - LANGUAGE CODE
Source of code eng
041 ## - LANGUAGE CODE
Language code of text/sound track or separate title eng
084 ## - COLON CLASSIFICATION NUMBER
Classification number 954.0254 FOS
084 ## - COLON CLASSIFICATION NUMBER
Assigning agency EDL
100 ## - MAIN ENTRY--PERSONAL NAME
Personal name Foster C.I.E, William
9 (RLIN) 1232960
245 #0 - TITLE STATEMENT
Title Early Travels in India 1583-1619
245 #0 - TITLE STATEMENT
Statement of responsibility, etc. Foster C.I.E, William
260 ## - PUBLICATION, DISTRIBUTION, ETC.
Place of publication, distribution, etc. New Delhi
260 ## - PUBLICATION, DISTRIBUTION, ETC.
Name of publisher, distributor, etc. Low Price
260 ## - PUBLICATION, DISTRIBUTION, ETC.
Date of publication, distribution, etc. 1999
300 ## - PHYSICAL DESCRIPTION
Extent 351p
942 ## - ADDED ENTRY ELEMENTS (KOHA)
Koha item type Textbook
942 ## - ADDED ENTRY ELEMENTS (KOHA)
Classification part 954.0254 FOS
Holdings
Withdrawn status Lost status Damaged status Not for loan Home library Current library Date acquired Total Checkouts Full call number Barcode Date last seen Price effective from Koha item type
        Department of English Library Department of English Library 2026-04-01   954.0254 FOS EL2151077 2026-04-01 2026-04-01 Textbook
Copyright @ Delhi University Library System